|
|
|
|
| LEADER |
00000nam a2200000 a 4500 |
| 001 |
vtls010280044 |
| 003 |
SK-MaSNL |
| 005 |
20260425223127.0 |
| 008 |
180809s2011 xo o g c 001 0dslo |
| 015 |
|
|
|a SNBE2013
|
| 020 |
|
|
|a 9788089011803
|q (brož.)
|
| 040 |
|
|
|a SNK
|b slo
|c SNK
|e AACR2
|
| 041 |
0 |
|
|a slo
|a eng
|
| 043 |
|
|
|a e-xo---
|
| 044 |
|
|
|a xo
|c SK
|
| 072 |
|
7 |
|a 72/76
|x Výtvarné umenie
|2 konspekt
|
| 080 |
|
|
|a 72/76.075
|2 2001
|
| 080 |
|
|
|a 7.036/.038
|2 2001
|
| 080 |
|
|
|a (437.6)
|2 2001
|
| 080 |
|
|
|a (083.82)017.3
|2 2001
|
| 080 |
|
|
|a 72/76
|2 2001
|
| 110 |
2 |
|
|a Soga (aukčná spoločnosť).
|b Aukcia súčasného umenia
|n (97. :
|d 2011 :
|c Bratislava, Slovensko)
|4 aut
|9 327862
|
| 245 |
1 |
0 |
|a 97. aukcia súčasného umenia
|b výstavné priestory Aukčnej spoločnosti SOGA : 17. mája 2011, Bratislava
|c koncepcia a výber diel do katalógu: Nina Gažovičová ; fotografie: Martin Marenčin
|
| 246 |
3 |
|
|a Deväťdesiatasiedma aukcia súčasného umenia
|
| 250 |
|
|
|a [1. vyd.]
|
| 260 |
|
|
|a Bratislava
|b Aukčná spoločnosť Soga
|c 2011
|
| 300 |
|
|
|a 132 s.
|b fotogr.
|c 30 cm
|
| 500 |
|
|
|a Ponúkané diela si možno pozrieť v mieste konania aukcie ... a v sobotu 14.5. od 10.00 do 24.00 hod. v ramci podujatia Noc galérií a muzeí 2011
|
| 504 |
|
|
|a Register autorov ponúkaných diel
|
| 546 |
|
|
|a Čiast. text angl.
|
| 610 |
2 |
7 |
|a Soga (aukčná spoločnosť).
|b Aukcia súčasného umenia
|n (97. :
|d 2011 :
|c Bratislava, Slovensko)
|2 SNKKA
|9 327862
|
| 650 |
0 |
7 |
|a umelecké aukcie
|2 SNKPH
|9 73876
|
| 650 |
0 |
7 |
|a výtvarné umenie
|2 SNKPH
|9 723
|
| 650 |
0 |
7 |
|a moderné umenie
|2 SNKPH
|9 68456
|
| 650 |
0 |
7 |
|a Art auctions
|2 SNKPHeng
|9 302762
|
| 650 |
0 |
7 |
|a Art
|2 SNKPHeng
|9 266209
|
| 650 |
0 |
7 |
|a Modern art
|2 SNKPHeng
|9 294689
|
| 651 |
|
7 |
|a Bratislava (Slovensko)
|2 SNKPH
|9 14568
|
| 651 |
|
7 |
|a Bratislava (Slovakia)
|2 SNKPHeng
|9 171234
|
| 655 |
|
7 |
|a aukčné katalógy
|2 SNKPH
|9 66147
|
| 655 |
|
7 |
|a Auctions catalogues
|2 SNKPHeng
|9 302763
|
| 700 |
1 |
|
|a Gažovičová, Nina
|4 oth
|9 17535
|
| 700 |
1 |
|
|a Marenčin, Martin,
|d 1956-
|4 pht
|9 90522
|
| 919 |
|
|
|a 978-80-89011-80-3
|
| 999 |
|
|
|c 577296
|d 579226
|
| 952 |
|
|
|a SNK
|b SNK
|y PREZ
|7 0
|p 17A0703299
|o snkOSB 16283
|i snk2011/11675
|8 0
|0 0
|1 0
|4 0
|d 2011-05-20
|l 0
|r 2026-02-23 14:37:51
|w 2026-02-23
|
| 952 |
|
|
|a SNK
|b SNK
|y VYP
|7 0
|p 17A0703298
|o snkOSB 16283 D1
|i snk2011/11676
|8 0
|0 0
|1 0
|4 0
|d 2011-05-20
|l 0
|r 2026-02-23 14:37:51
|w 2026-02-23
|